000 00605cab a2200205 4500
001 ABS42521
008 090401t1990 xxu||||| |||| 00| 0 eng d
035 _a(Sirsi) u37425
041 _aeng
100 _aJackson, R.
245 _aReady for the SEA change
260 _c1990
350 _a0
490 _aSurveyor
_v173(5088) 29 March 1990, 17-19(3)
520 _aExamines the effects of the Single European Act on local authorities , looking at individual departments and types of authority.
650 _aSINGLE MARKET
690 _aEUROPE-SINGLE MARKET
942 _n0
948 _c04/03/1997
999 _c24192
_d24192